00515nam a2200157Ia 450000500170000000800410001708200130005810000170007124500620008826000400015030000130019050000340020394200060023795200990024399900150034220250324131927.0240331s9999 xx 000 0 und d bRAMa894 aRamaswamy, M 0aThirunelveliyil thiraubathai manabangappadutthapattapothu aThanchvoorbRudra Pathippagamc2003 a192 p ., aResearch articles on folklore cL 001040708LaWERCLbWERCLcSSCd2024-03-31l0o 894.811 RAMp1958r2024-03-31w2024-03-31yL c4136d4136